SKLEPY - Statystyki

Ogólne statystyki
  • Ten quiz został rozwiązany 179 razy
  • Średni wynik to 33 z 83
Statystyki odpowiedzi
Hint Odpowiedź % Poprawnych
B biedronka
91%
4 4f
83%
L lidl
83%
Ż żabka
83%
C c&a
81%
A auchan
77%
A aldi
73%
C ccc
73%
M media expert
72%
C carrefour
70%
K kaufland
70%
R rossmann
70%
H h&m
66%
M media markt
65%
P pepco
65%
D dino
63%
Z zara
63%
S sinsay
62%
A adidas
61%
E empik
61%
A action
60%
D deichmann
59%
H hebe
59%
N nike
56%
R reserved
54%
N netto
53%
R rtv euro agd
53%
S stokrotka
53%
B bershka
52%
D dealz
52%
C cropp
51%
H house
48%
I ikea
47%
L lewiatan
46%
K kik
45%
I intermarche
44%
C castorama
43%
S sephora
42%
O obi
41%
B brico marche
40%
L leroy merlin
38%
P puma
37%
N new yorker
36%
S smyk
36%
D decathlon
34%
D douglas
34%
A agata meble
33%
A apart
33%
D diverse
31%
E e.leclerc
28%
M mohito
28%
P pull&bear
28%
S stradivarius
28%
M martes sport
27%
M mrówka
27%
M makro
25%
E eobuwie
23%
P pandora
22%
B black red white
21%
B bytom
21%
G guess
20%
P primark
19%
O ochnik
18%
T terranova
18%
W wojas
18%
M medicine
16%
M mango
15%
H homla
14%
R ryłko
13%
I intersport
12%
I iSpot
12%
S sizeer
11%
W wólczanka
11%
C calzedonia
10%
F flying tiger
10%
K kazar
10%
N notino
10%
I intimissimi
8%
T tezenis
8%
I inglot
7%
I inmedio
5%
O oysho
5%
D duży ben
4%
Nie znaleziono quizów pasujących do podanych kryteriów
Rozkład punktacji
Procent ludzi z każdym wynikiem
Percentyl według liczby udzielonych odpowiedzi
Twoja historia wyników
Nie rozwiązałeś tego quizu